Cooperativismo- Sindicalismo. Las comisiones nacionales de sidicalismo cooperativismo. Parte IV /

Uloženo v:
Podrobná bibliografie
Korporace: CMT, CLASC FCL ILATES
Médium: Text
Vydáno: Caracas: CMT
Tagy: Přidat tag
Žádné tagy, Buďte první, kdo vytvoří štítek k tomuto záznamu!

MARC

LEADER 00000 a a2200000 04500
001 25972
003
040
090 |a 182516  
110 |a CMT  
245 |a Cooperativismo- Sindicalismo. Las comisiones nacionales de sidicalismo cooperativismo. Parte IV /  |c CMT  
260 |a Caracas:   |b CMT  
300 |a p. irreg.   |b fonodiscos   |b escudos de armas  
710 |a CLASC   |a FCL   |a ILATES  
999 |c 13164  |d 13164